00601nam a2200157Ia 4500008004100000100001700041245013200058245003400190260005900224260000900283650001800292650001500310856002600325999001900351952007300370170221s9999 xx 000 0 und d aEunseon Kwon aProduct Placement in TV Shows: The Effect of Consumer Socialization Agents on Product Placement Attitude and Purchase Intention cEunseon Kwon, Jong-Hyuok Jung bOnline Journal of Communication and Media Technologies c2016 xCommunication xMedia Arts uhttp://www.ojcmt.net/ c309169d309169 001040aCLbCLd2017-02-21l0r2017-02-21 00:00:00w2017-02-21yFOJ